000 00702nam a2200229Ia 4500
001 9356
003 GE_BSU
008 181216s||||||||xx |||||||||||||| ||und||
040 _cGE_BSU
080 _a821.353.1–1
100 _aმამფორია,ოთარ
245 _aერთი მუჭა მიწა
245 _bპოემა
245 _cრედ.მურმან ქოიავა.მხატვ. ტარიელ ბარდაძე
260 _aთბილისი
260 _bმერანი
260 _c1972
300 _a90გვ.ილ.17სმ.
653 _aერთი მუჭა მიწა
653 _aპოემა
942 _cBK
999 _c42652
_d42652